000 01836cam a22004094i 4500
003 PE-LiUPU
005 20250731184109.0
008 150625s2002 sp rb 000 0 spa d
020 _a8481695645
035 _a(Sirsi) i9788481695649
040 _aPE-LiUPU
_bspa
_cPE-LiUPU
_erda
049 _aPRUA
082 0 4 _a808.8
_bD
_221
100 1 _aEquiza, Jesús dir.,
_eautor.
245 1 0 _a10 palabras claves sobre secularización.
_n25 /
_cJesús Equiza dir.
246 3 _aDiez palabras claves sobre secularización
264 1 _aNavarra :
_bVerbo Divino,
_c2002.
300 _a413 páginas ;
_c21 centímetros.
336 _atext
_2rdacontent
337 _aunmediated
_2rdamedia
338 _avolume
_2rdacarrier
490 0 _a10 Palabras clave sobre en; 25
504 _aIncluye referencias bibliográficas al pie de algunas páginas.
505 0 _aSecularización y Biblia -- La imagen de Dios en un mundo secular -- Cristología en un mundo secularizado -- Secularización e Iglesia -- Secularización y liturgia -- Secularidad y espiritualidad -- Secularización y vida religiosa -- Secularización y ministerio en la Iglesia -- Secularización y moral cristiana -- Secularización e islamismo.
526 _aP145
526 _aP127
526 _aP97
526 _aP14
526 _aP07
541 _g007-0017628;
650 0 4 _aSecularización (Teología).
942 _2ddc
_cBOOK
949 _a808.8 D 25
_wDEWEY
_c1
_i55891
_lCCODEBUL1
_mBUL
_p22.00
_r0
_sY
_tBOOK
_u2015-6-25
_xTEOLOGIA
_zUNKNOWN
_0COMPRA
_o.STAFF. Colección General
994 _aC0
_bPEPRU
596 _a1
999 _a808.8 D 25
_wDEWEY
_c44728
_i55891
_f2021-11-5
_g5
_lCCODEBUL1
_mBUL
_p22.00
_r0
_sY
_tBOOK
_u2015-6-25
_xBIBLIOTECA
_PP35
_0COMPRA
_o.STAFF. Colección Teología
_d44728
980 _81
_gALBERTO SANCHEZ Responsable de Automatización